[Event "Amager Guld Gruppe 2 2007"]
[Site "Sundbyoster"]
[Date "2007.11.20"]
[Round "1"]
[White "Pedersen, Claus"]
[Black "Sorensen, Johnny"]
[Result "0-1"]
[WhiteElo "1193"]
[BlackElo "1354"]
[PlyCount "50"]
[EventDate "2007.??.??"]

1. e4 d5 2. exd5 Nf6 3. c4 e6 4. Qe2 Be7 5. dxe6 Bxe6 6. Nf3 Nc6 7. d3 Bc5 8.
g3 Qe7 9. Bg2 O-O-O 10. O-O Qd7 11. Rd1 Rhe8 12. Qc2 Bg4 13. Bf4 Nd4 14. Nxd4
Bxd1 15. Qxd1 Bxd4 16. Nc3 h6 17. Nd5 Nxd5 18. cxd5 g5 19. Bd2 Qf5 20. Be1 Re7
21. d6 Rxd6 22. Qf3 Qxf3 23. Bxf3 Rf6 24. Bg2 Rxe1+ 25. Rxe1 Bxf2+ 0-1

[Event "Amager Guld Gruppe 2 2007"]
[Site "Sundbyoster"]
[Date "2007.10.23"]
[Round "1"]
[White "Herup, Charni"]
[Black "Larsen, Ulrik Jejlskov"]
[Result "1-0"]
[WhiteElo "1219"]
[BlackElo "1590"]
[PlyCount "71"]
[EventDate "2007.??.??"]

1. e4 d5 2. d4 e6 3. Be3 dxe4 4. Nd2 Nf6 5. f3 Nd5 6. Qe2 Nxe3 7. Qxe3 exf3 8.
Ngxf3 Be7 9. Bd3 Nd7 10. O-O c5 11. Kh1 cxd4 12. Nxd4 O-O 13. Rae1 Nf6 14. Ne4
Qd5 15. Nxf6+ Bxf6 16. Nb5 Qg5 17. Qe4 g6 18. b3 a6 19. Nd4 Rb8 20. Nf3 Qd5 21.
Qf4 Bc3 22. Qxb8 Bd7 23. Qf4 Bxe1 24. Rxe1 Bc6 25. Bc4 Qc5 26. Ne5 b5 27. Bd3
Bd5 28. Qf6 Qc3 29. Rf1 Qd2 30. Nf3 Qa5 31. Ng5 Qd2 32. Nf3 Qa5 33. Ne5 Qd2 34.
Qf2 Qg5 35. Nd7 Bxg2+ 36. Qxg2 1-0

[Event "Amager Guld Gruppe 2 2007"]
[Site "Sundbyoster"]
[Date "2007.10.23"]
[Round "1"]
[White "Larsen, Julie"]
[Black "Johansen, Erik"]
[Result "0-1"]
[WhiteElo "1011"]
[BlackElo "1365"]
[PlyCount "56"]
[EventDate "2007.??.??"]

1. e4 c5 2. Nf3 Nc6 3. Bc4 e6 4. d4 cxd4 5. Nxd4 a6 6. Nc3 d6 7. O-O Be7 8. Nf3
Nf6 9. Bf4 e5 10. Bg3 Bg4 11. Be2 O-O 12. Nd2 Bxe2 13. Qxe2 Nd4 14. Qd3 Nh5 15.
Nd5 Bg5 16. Nf3 Nxg3 17. fxg3 Nxf3+ 18. gxf3 Rc8 19. f4 exf4 20. gxf4 Bf6 21.
c3 Re8 22. Rae1 g6 23. Qg3 Bh4 24. Qg4 Bxe1 25. Rxe1 Rc5 26. Re2 f5 27. Rd2
fxg4 28. Ne3 Rxe4 0-1

[Event "Amager Guld Gruppe 2 2007"]
[Site "Sundbyoster"]
[Date "2007.10.23"]
[Round "1"]
[White "Larsen, Kim"]
[Black "Gade, Jens"]
[Result "0-1"]
[WhiteElo "1513"]
[BlackElo "1506"]
[PlyCount "126"]
[EventDate "2007.??.??"]

1. e4 c5 2. Nf3 d6 3. c3 Bg4 4. Bc4 Nf6 5. d3 e6 6. Bg5 Be7 7. Bb5+ Nfd7 8.
Bxe7 Qxe7 9. Nbd2 O-O 10. d4 f5 11. Be2 Nc6 12. O-O fxe4 13. Nxe4 d5 14. Nxc5
Nxc5 15. dxc5 Bxf3 16. Bxf3 Qxc5 17. Qe2 e5 18. Rad1 e4 19. Bg4 Rae8 20. Bd7
Re7 21. Bxc6 bxc6 22. Qe3 Qxe3 23. fxe3 a5 24. Rxf8+ Kxf8 25. Rd4 Rb7 26. b3
Ke7 27. c4 Ke6 28. cxd5+ cxd5 29. Ra4 Rb5 30. Kf2 Rc5 31. h4 Kf5 32. a3 Kg4 33.
b4 axb4 34. Rxb4 Rc2+ 35. Kf1 Kg3 36. Rb7 Kxh4 37. Rxg7 h5 38. g3+ Kh3 39. Rg5
Ra2 40. Rxh5+ Kxg3 41. Rxd5 Kf3 42. Rf5+ Kxe3 43. a4 Rxa4 44. Rf8 Ra1+ 45. Kg2
Rd1 46. Re8 Kd3 47. Kf2 Rd2+ 48. Ke1 Re2+ 49. Kf1 Ra2 50. Rd8+ Ke3 51. Re8 Ra1+
52. Kg2 Kd3 53. Rd8+ Ke2 54. Re8 e3 55. Rd8 Rf1 56. Rd7 Rd1 57. Re7 Rd3 58. Ra7
Ke1 59. Ra1+ Rd1 60. Ra3 Rd2+ 61. Kf3 e2 62. Ra1+ Rd1 63. Ra3 Kf1 0-1

[Event "Amager Guld Gruppe 2 2007"]
[Site "Sundbyoster"]
[Date "2007.10.23"]
[Round "1"]
[White "Nielsen, Bjorn"]
[Black "Friis, Jordy"]
[Result "1/2-1/2"]
[WhiteElo "1133"]
[BlackElo "1200"]
[PlyCount "136"]
[EventDate "2007.??.??"]

1. d4 Nf6 2. Nf3 e6 3. Nc3 Bb4 4. Bd2 b6 5. a3 Be7 6. e4 Bb7 7. Bd3 c5 8. Be3
O-O 9. dxc5 Bxc5 10. Bxc5 bxc5 11. O-O d5 12. exd5 exd5 13. Bf5 Nc6 14. Nb1 Re8
15. c3 Ne5 16. Nbd2 Qb6 17. Rb1 c4 18. Nd4 Nc6 19. N2f3 Rad8 20. Nxc6 Bxc6 21.
Nd4 Bb7 22. Qf3 Ne4 23. Bxe4 dxe4 24. Qe3 Qg6 25. Rfe1 Bc8 26. Rbd1 a6 27. Qe2
Bh3 28. g3 e3 29. Nf3 exf2+ 30. Qxf2 Rxe1+ 31. Rxe1 h6 32. Nh4 Qg5 33. Ng2 Qd2
34. Re8+ Kh7 35. Rxd8 Qxd8 36. Qc2+ Kg8 37. Qe2 Qb6+ 38. Qf2 Qxf2+ 39. Kxf2 Bf5
40. Ke3 g5 41. Kd4 Be6 42. Ne3 h5 43. Nxc4 Kg7 44. Na5 f5 45. Ke3 Kf6 46. Nc6
Bd5 47. Nd4 a5 48. b4 axb4 49. axb4 Ke5 50. b5 f4+ 51. gxf4+ gxf4+ 52. Kf2 Ke4
53. Ne2 h4 54. b6 h3 55. c4 Bc6 56. Ng1 Kd4 57. Nxh3 Kxc4 58. Nxf4 Kc5 59. h4
Kxb6 60. h5 Be4 61. Kg3 Kc7 62. Kg4 Kd7 63. Ng6 Ke8 64. Kg5 Kf7 65. Ne5+ Kg7
66. h6+ Kh7 67. Nd7 Bd3 68. Nf8+ Kh8 1/2-1/2

[Event "Amager Guld Gruppe 2 2007"]
[Site "Sundbyoster"]
[Date "2007.10.30"]
[Round "2"]
[White "Larsen, Ulrik Jejlskov"]
[Black "Nielsen, Bjorn"]
[Result "1-0"]
[WhiteElo "1590"]
[BlackElo "1133"]
[PlyCount "115"]
[EventDate "2007.??.??"]

1. d4 d5 2. e3 e6 3. Bd3 Bd6 4. Nd2 Nf6 5. Ngf3 O-O 6. O-O h6 7. Qe2 Nc6 8. Re1
Re8 9. e4 e5 10. dxe5 Nxe5 11. Nxe5 Rxe5 12. Nf3 Re8 13. e5 Qe7 14. exd6 Qxe2
15. Rxe2 Rxe2 16. Bxe2 cxd6 17. Bf4 Ne4 18. Rd1 Be6 19. Nd4 g5 20. Nxe6 gxf4
21. Nxf4 Nf6 22. Nxd5 Nxd5 23. Rxd5 Rd8 24. c4 Kf8 25. c5 Ke7 26. Rxd6 Rxd6 27.
cxd6+ Kxd6 28. h4 f6 29. h5 Ke5 30. g4 Kf4 31. Kg2 Kg5 32. Kg3 f5 33. f4+ Kf6
34. g5+ hxg5 35. fxg5+ Kxg5 36. b4 f4+ 37. Kf2 b6 38. b5 Kh6 39. Ke1 Kg5 40.
Kd2 Kh6 41. Kd3 Kg5 42. Ke4 f3 43. Bxf3 Kf6 44. Kd5 Kf5 45. Kc6 Kf4 46. h6 Kxf3
47. h7 Ke4 48. h8=Q Kf5 49. Qe8 Kf4 50. Qe6 Kf3 51. Kd5 Kf4 52. Qe5+ Kf3 53.
Qf5+ Kg2 54. Ke4 Kg3 55. Ke3 Kg2 56. Qf3+ Kh2 57. Kf2 a5 58. Qg2# 1-0

[Event "Amager Guld Gruppe 2 2007"]
[Site "Sundbyoster"]
[Date "2007.10.30"]
[Round "2"]
[White "Johansen, Erik"]
[Black "Herup, Charni"]
[Result "1/2-1/2"]
[WhiteElo "1365"]
[BlackElo "1219"]
[PlyCount "34"]
[EventDate "2007.??.??"]

1. e4 Nc6 2. d4 e5 3. d5 Nce7 4. Nf3 Ng6 5. c4 Nf6 6. Nc3 Bc5 7. Be2 O-O 8. O-O
d6 9. h3 c6 10. Qc2 Ne8 11. dxc6 bxc6 12. Bg5 Qc7 13. Rfd1 h6 14. Bc1 Bb7 15.
Na4 Bb6 16. b4 c5 17. b5 Nf6 1/2-1/2

[Event "Amager Guld Gruppe 2 2007"]
[Site "Sundbyoster"]
[Date "2007.10.30"]
[Round "2"]
[White "Larsen, Kim"]
[Black "Larsen, Julie"]
[Result "1-0"]
[WhiteElo "1513"]
[BlackElo "1011"]
[PlyCount "59"]
[EventDate "2007.??.??"]

1. d4 d5 2. c4 dxc4 3. Nc3 Nc6 4. d5 Nb8 5. e4 e5 6. Bxc4 Nf6 7. Nf3 Bg4 8.
Qa4+ Nbd7 9. Nxe5 Bd6 10. Nxd7 Qxd7 11. Bb5 O-O 12. Bxd7 Bxd7 13. Qb3 Rfe8 14.
f3 Be5 15. Bg5 Nh5 16. O-O Bd4+ 17. Kh1 f6 18. Bd2 Kh8 19. g4 Ng3+ 20. hxg3 c6
21. Ne2 Be5 22. dxc6 Bxc6 23. Bf4 Bb8 24. Kg2 h6 25. Rh1 Bxf4 26. gxf4 Rad8 27.
Rh2 Rd7 28. Rah1 Ree7 29. f5 Rf7 30. Nf4 1-0

[Event "Amager Guld Gruppe 2 2007"]
[Site "Sundbyoster"]
[Date "2007.11.06"]
[Round "2"]
[White "Friis, Jordy"]
[Black "Pedersen, Claus"]
[Result "1-0"]
[WhiteElo "1200"]
[BlackElo "1193"]
[PlyCount "57"]
[EventDate "2007.??.??"]

1. e4 e5 2. Nf3 Nf6 3. Nxe5 Qe7 4. d4 d6 5. Nf3 Nxe4 6. Qe2 d5 7. Nbd2 Bg4 8.
Qe3 Nc6 9. Nxe4 dxe4 10. Nd2 Nb4 11. Bb5+ c6 12. Ba4 f5 13. O-O Nd5 14. Qg3
O-O-O 15. Bb3 Qd7 16. h3 Bh5 17. Nc4 Be2 18. Ne5 Qe6 19. Re1 Bh5 20. Bg5 Re8
21. a4 h6 22. Bd2 g5 23. f3 f4 24. Qf2 e3 25. Bxe3 fxe3 26. Rxe3 Qf6 27. Bxd5
cxd5 28. Rc3+ Kb8 29. Nd7+ 1-0

[Event "Amager Guld Gruppe 2 2007"]
[Site "Sundbyoster"]
[Date "2007.11.06"]
[Round "2"]
[White "Sorensen, Johnny"]
[Black "Gade, Jens"]
[Result "0-1"]
[WhiteElo "1354"]
[BlackElo "1506"]
[PlyCount "140"]
[EventDate "2007.??.??"]

1. c4 e5 2. Nc3 Nf6 3. g3 Be7 4. Bg2 O-O 5. d3 c6 6. Nf3 d6 7. O-O Bf5 8. e4
Bg4 9. h3 Bh5 10. g4 Bg6 11. Nh4 Nbd7 12. Nxg6 fxg6 13. Be3 b6 14. Ne2 Nc5 15.
b4 Ne6 16. f4 exf4 17. Bxf4 Rc8 18. Be3 Qd7 19. d4 Nc7 20. Ng3 Qe6 21. Qe2 d5
22. exd5 cxd5 23. c5 Rce8 24. Rf2 bxc5 25. bxc5 Bxc5 26. dxc5 Qxe3 27. Qxe3
Rxe3 28. Nf1 Rc3 29. g5 Nd7 30. Rxf8+ Kxf8 31. c6 Rxc6 32. Ne3 Rc5 33. Rd1 Nb6
34. Kf2 Ke7 35. Kf3 Kd6 36. Kf4 Ne6+ 37. Kg4 Ke5 38. h4 d4 39. Nf1 Rc2 40. Nd2
Rxa2 41. Re1+ Kd6 42. Ne4+ Kd7 43. Bf3 a5 44. Kg3 Ra3 45. Kf2 Nf4 46. Bg4+ Kd8
47. Rd1 Nd3+ 48. Ke2 Nf4+ 49. Kf2 d3 50. Bf3 a4 51. Ke3 Nbd5+ 52. Kd4 Ra2 53.
Nc5 d2 54. Bxd5 Nxd5 55. Kxd5 Ke7 56. Ne4 Rb2 57. Nxd2 a3 58. Nc4 Rb3 59. Ra1
Rd3+ 60. Kc5 Ke6 61. Nxa3 Kf5 62. Nc4 Rh3 63. Nd6+ Kg4 64. Ra4+ Kh5 65. Ne8
Rxh4 66. Rxh4+ Kxh4 67. Nxg7 Kxg5 68. Kd5 Kf6 69. Ne8+ Kg5 70. Ke5 h5 0-1

[Event "Amager Guld Gruppe 2 2007"]
[Site "Sundbyoster"]
[Date "2007.11.13"]
[Round "3"]
[White "Herup, Charni"]
[Black "Gade, Jens"]
[Result "1/2-1/2"]
[WhiteElo "1219"]
[BlackElo "1506"]
[PlyCount "52"]
[EventDate "2007.??.??"]

1. f4 d5 2. Nf3 Nc6 3. e3 Bg4 4. Be2 h5 5. Nc3 Qd7 6. Ne5 Nxe5 7. fxe5 O-O-O 8.
Bxg4 hxg4 9. d4 f6 10. exf6 Nxf6 11. Bd2 e6 12. Qe2 Bb4 13. O-O-O Bxc3 14. Bxc3
Qd6 15. g3 Ne4 16. Rdf1 Nxc3 17. bxc3 Rdf8 18. Rf4 g5 19. Rxg4 Rfg8 20. e4 Qa3+
21. Kd2 Qxa2 22. exd5 Qxd5 23. Rf1 Rh6 24. Re4 Rxh2 25. Qxh2 Qxe4 26. Qf2 Rd8
1/2-1/2

[Event "Amager Guld Gruppe 2 2007"]
[Site "Sundbyoster"]
[Date "2007.11.13"]
[Round "3"]
[White "Larsen, Julie"]
[Black "Pedersen, Claus"]
[Result "1-0"]
[WhiteElo "1011"]
[BlackElo "1193"]
[PlyCount "77"]
[EventDate "2007.??.??"]

1. e4 e5 2. Nf3 Nf6 3. Nc3 Nc6 4. d4 d6 5. d5 Ne7 6. Bg5 Bd7 7. Bc4 Ng6 8. O-O
Be7 9. Qd2 h6 10. Bh4 Nxh4 11. Nxh4 Nxe4 12. Nxe4 Bxh4 13. Be2 f5 14. Bh5+ Ke7
15. Nc3 Qg8 16. Be2 Bf6 17. f3 g5 18. Rf2 h5 19. Raf1 h4 20. h3 Rf8 21. Nd1 Ke8
22. Bd3 Bd8 23. Ne3 g4 24. fxg4 f4 25. Qe2 Rh7 26. Bxh7 Qxh7 27. Nc4 Bb5 28. b3
c6 29. dxc6 bxc6 30. Nxd6+ Ke7 31. Nxb5 cxb5 32. Qxb5 Kf6 33. Qd5 Bb6 34. Qd6+
Kg7 35. Qxe5+ Kg8 36. Kh1 Bxf2 37. Rxf2 Qf7 38. Qg5+ Kh7 39. Qxh4+ 1-0

[Event "Amager Guld Gruppe 2 2007"]
[Site "Sundbyoster"]
[Date "2007.11.13"]
[Round "3"]
[White "Larsen, Ulrik Jejlskov"]
[Black "Larsen, Kim"]
[Result "1/2-1/2"]
[WhiteElo "1590"]
[BlackElo "1513"]
[PlyCount "46"]
[EventDate "2007.??.??"]

1. d4 Nf6 2. e3 b6 3. Nf3 Bb7 4. Bd3 e6 5. Nbd2 d6 6. e4 Nbd7 7. Qe2 c5 8. e5
Nd5 9. Ne4 dxe5 10. dxe5 Qc7 11. Bb5 O-O-O 12. c4 Nb4 13. Bf4 Bxe4 14. Qxe4 Qb7
15. Qxb7+ Kxb7 16. Rd1 Nc6 17. Bxc6+ Kxc6 18. Ng5 Be7 19. Nxf7 Rdf8 20. Nxh8
Rxf4 21. O-O Rf8 22. Ng6 hxg6 23. f4 g5 1/2-1/2

[Event "Amager Guld Gruppe 2 2007"]
[Site "Sundbyoster"]
[Date "2007.11.13"]
[Round "3"]
[White "Nielsen, Bjorn"]
[Black "Sorensen, Johnny"]
[Result "0-1"]
[WhiteElo "1133"]
[BlackElo "1354"]
[PlyCount "68"]
[EventDate "2007.??.??"]

1. e4 e5 2. Nf3 Nc6 3. Nc3 Nf6 4. d4 exd4 5. Nxd4 Bb4 6. Nxc6 bxc6 7. Bd2 O-O
8. Bd3 Re8 9. O-O d5 10. a3 Bc5 11. exd5 cxd5 12. Bb5 Re6 13. b4 Bd4 14. Rb1
Bb7 15. Na4 a6 16. Be2 Ne4 17. Nc5 Nxc5 18. bxc5 Bc6 19. Bf3 Bxc5 20. Bb4 Ba7
21. Bg4 Re5 22. Bc3 d4 23. Bd2 Be4 24. Bf3 Qd5 25. Bxe4 Rxe4 26. c3 d3 27. Rb4
Re2 28. Rf4 Qa2 29. Rf3 Rxd2 30. Rxd3 Bxf2+ 31. Kh1 Rxd1 32. Rdxd1 Qe2 33. a4
g6 34. g3 Qf3# 0-1

[Event "Amager Guld Gruppe 2 2007"]
[Site "Sundbyoster"]
[Date "2007.11.13"]
[Round "3"]
[White "Friis, Jordy"]
[Black "Johansen, Erik"]
[Result "1/2-1/2"]
[WhiteElo "1200"]
[BlackElo "1365"]
[PlyCount "44"]
[EventDate "2007.??.??"]

1. e4 c5 2. c3 d5 3. exd5 Qxd5 4. d4 cxd4 5. Nf3 Nc6 6. Be2 e5 7. O-O Be7 8.
Qa4 Bd7 9. Qb5 Nf6 10. Qxd5 Nxd5 11. Bc4 Nb6 12. Bb3 O-O 13. Re1 Bf6 14. cxd4
exd4 15. Bf4 Rfe8 16. Na3 d3 17. Ng5 Rf8 18. Nc4 Nxc4 19. Bxc4 Bf5 20. Red1
Rad8 21. Nf3 Nd4 22. Be3 Nc2 1/2-1/2

[Event "Amager Guld Gruppe 2 2007"]
[Site "Sundbyoster"]
[Date "2007.11.27"]
[Round "4"]
[White "Herup, Charni"]
[Black "Friis, Jordy"]
[Result "1-0"]
[WhiteElo "1219"]
[BlackElo "1200"]
[PlyCount "41"]
[EventDate "2007.??.??"]

1. d4 Nf6 2. Nc3 d5 3. e4 dxe4 4. f3 b6 5. fxe4 Bb7 6. e5 Nd5 7. Nf3 Ba6 8.
Bxa6 Nxa6 9. O-O e6 10. Ng5 f6 11. Nxe6 Qd7 12. exf6 Nxf6 13. Re1 Kf7 14. Ne4
Nxe4 15. Rxe4 Bd6 16. Qf3+ Kg8 17. Bh6 Qf7 18. Qg4 g6 19. Rf1 Qd7 20. Qf3 Qc6
21. Qf7# 1-0

[Event "Amager Guld Gruppe 2 2007"]
[Site "Sundbyoster"]
[Date "2007.11.27"]
[Round "4"]
[White "Johansen, Erik"]
[Black "Gade, Jens"]
[Result "0-1"]
[WhiteElo "1365"]
[BlackElo "1506"]
[PlyCount "136"]
[EventDate "2007.??.??"]

1. e4 c5 2. Nf3 d6 3. d4 cxd4 4. Nxd4 Nf6 5. Nc3 a6 6. Be2 e6 7. Be3 Be7 8. O-O
O-O 9. f3 Bd7 10. g4 e5 11. Nf5 Bxf5 12. exf5 Nc6 13. Kh1 Ne8 14. Qd2 f6 15.
Bc4+ Kh8 16. Nd5 Nc7 17. Bb6 Rc8 18. Nxc7 Rxc7 19. Be6 Nd4 20. Bxc7 Qxc7 21.
Bb3 Qc6 22. Qd3 Rd8 23. c3 Nxb3 24. axb3 d5 25. Rfe1 Kg8 26. Rad1 Kf8 27. Qe2
Bc5 28. b4 Bb6 29. g5 Kf7 30. Qg2 Bc7 31. g6+ hxg6 32. fxg6+ Ke6 33. Re2 Rh8
34. f4 e4 35. Qg4+ f5 36. Qg5 Bd8 37. Qg3 Qc7 38. Qd3 Qxf4 39. Qxd5+ Kf6 40.
Qf7+ Kg5 41. Rg2+ Kh6 42. Rg3 e3 43. Qe6 Bh4 44. Rxe3 Qg4 45. Rg1 Qf4 46. Qe5
Qxe5 47. Rxe5 f4 48. Rf5 Bf2 49. Rg2 Be3 50. h3 Rd8 51. h4 Rd1+ 52. Kh2 Rf1 53.
Kh3 Rh1+ 54. Kg4 Kxg6 55. Rg5+ Kf6 56. h5 Rf1 57. Rg6+ Kf7 58. Rg5 Kf6 59. Rg6+
Kf7 60. Kf5 f3 61. Rxg7+ Ke8 62. R2g6 Kd8 63. h6 Rh1 64. h7 f2 65. Rd6+ Ke8 66.
Re6+ Kd8 67. Rg8+ Kc7 68. Rg7+ Kb8 0-1

[Event "Amager Guld Gruppe 2 2007"]
[Site "Sundbyoster"]
[Date "2007.11.27"]
[Round "4"]
[White "Larsen, Julie"]
[Black "Nielsen, Bjorn"]
[Result "0-1"]
[WhiteElo "1011"]
[BlackElo "1133"]
[PlyCount "66"]
[EventDate "2007.??.??"]

1. e4 e5 2. Nf3 Nc6 3. d4 exd4 4. Nxd4 Be7 5. Nf5 Bf6 6. Nc3 Nge7 7. Nd5 Nxf5
8. exf5 O-O 9. Bd3 d6 10. Qf3 Ne5 11. Qh3 Nxd3+ 12. Qxd3 Re8+ 13. Be3 c6 14.
Nxf6+ Qxf6 15. g4 Qxb2 16. O-O Qf6 17. Bd4 Qg5 18. Rae1 Qxg4+ 19. Kh1 Bxf5 20.
Qc3 Be4+ 21. f3 Bxf3+ 22. Rxf3 Rxe1+ 23. Qxe1 Qxf3+ 24. Kg1 Qg4+ 25. Kh1 Qxd4
26. Qe7 Qe5 27. Qxb7 Re8 28. Qxc6 Qe4+ 29. Qxe4 Rxe4 30. c3 d5 31. a3 h6 32.
Kg2 Kh7 33. Kf3 f5 0-1

[Event "Amager Guld Gruppe 2 2007"]
[Site "Sundbyoster"]
[Date "2007.11.27"]
[Round "4"]
[White "Sorensen, Johnny"]
[Black "Larsen, Ulrik Jejlskov"]
[Result "0-1"]
[WhiteElo "1354"]
[BlackElo "1590"]
[PlyCount "56"]
[EventDate "2007.??.??"]

1. Nc3 d5 2. e4 d4 3. Nce2 e5 4. g3 c5 5. d3 Nc6 6. f4 Bd6 7. Bg2 Nf6 8. fxe5
Nxe5 9. Nf3 Bg4 10. Nxe5 Bxe5 11. Bf4 Bxf4 12. gxf4 Nh5 13. O-O Qd7 14. Qe1
O-O-O 15. f5 g5 16. h3 Bxe2 17. Qxe2 Nf4 18. Qf3 h5 19. h4 Nxg2 20. Qxg2 gxh4
21. Qh3 Rdg8+ 22. Kh1 Qc7 23. Rg1 Qf4 24. Qh2 Qf3+ 25. Rg2 h3 26. Rag1 hxg2+
27. Rxg2 Rg5 28. Kg1 Rhg8 0-1

[Event "Amager Guld Gruppe 2 2007"]
[Site "Sundbyoster"]
[Date "2007.11.27"]
[Round "4"]
[White "Pedersen, Claus"]
[Black "Larsen, Kim"]
[Result "1/2-1/2"]
[WhiteElo "1193"]
[BlackElo "1513"]
[PlyCount "92"]
[EventDate "2007.??.??"]

1. e4 c5 2. c3 e5 3. Nf3 Nc6 4. Bc4 Be7 5. d3 d6 6. h3 Bf6 7. O-O Nge7 8. Be3
Be6 9. Bxe6 fxe6 10. Ng5 Bxg5 11. Bxg5 O-O 12. Qg4 Qd7 13. Nd2 Ng6 14. g3 Rf7
15. Rae1 Raf8 16. h4 b5 17. h5 Nh8 18. Re3 b4 19. cxb4 Nxb4 20. Nc4 Nxa2 21. f4
exf4 22. gxf4 Nb4 23. Ref3 Nc2 24. R3f2 Nd4 25. Ne3 a5 26. f5 exf5 27. exf5 a4
28. f6 Qxg4+ 29. Nxg4 h6 30. fxg7 Rxf2 31. gxf8=Q+ Rxf8 32. Rxf8+ Kxf8 33.
Bxh6+ Kf7 34. Kf2 Nf5 35. Bg5 Kg7 36. Kf3 Nf7 37. Kf4 N5h6 38. Nxh6 Nxh6 39.
Be7 Nf7 40. Kf5 Ne5 41. Bxd6 Nxd3 42. Be5+ Kh6 43. Bc3 Kxh5 44. Ke4 c4 45. Kd4
Kg4 46. Kxc4 Nxb2+ 1/2-1/2

[Event "Amager Guld Gruppe 2 2007"]
[Site "Sundbyoster"]
[Date "2007.12.04"]
[Round "5"]
[White "Nielsen, Bjorn"]
[Black "Pedersen, Claus"]
[Result "0-1"]
[WhiteElo "1133"]
[BlackElo "1193"]
[PlyCount "66"]
[EventDate "2007.??.??"]

1. e4 d5 2. e5 Nc6 3. d4 e6 4. Nf3 f6 5. exf6 Nxf6 6. Be3 Bd6 7. Bd3 Bd7 8. Nc3
Qe7 9. h3 O-O-O 10. Qe2 e5 11. dxe5 Nxe5 12. Nxe5 Bxe5 13. Bg5 Rde8 14. O-O Qd6
15. Kh1 Bxc3 16. Qf3 Be5 17. Bxf6 Bxf6 18. Rad1 c6 19. b3 Rhf8 20. Bc4 d4 21.
Rd2 Bg5 22. Rxd4 Qxd4 23. Qd1 Qxd1 24. Rxd1 Rxf2 25. Bd3 Bd2 26. Kg1 Be3 27.
Kh2 Re5 28. Bxh7 Rh5 29. Rxd7 Kxd7 30. Be4 Re5 31. Bf3 Rxc2 32. a4 Bf4+ 33. Kg1
Re1# 0-1

[Event "Amager Guld Gruppe 2 2007"]
[Site "Sundbyoster"]
[Date "2007.12.04"]
[Round "5"]
[White "Sorensen, Johnny"]
[Black "Herup, Charni"]
[Result "1/2-1/2"]
[WhiteElo "1354"]
[BlackElo "1219"]
[PlyCount "52"]
[EventDate "2007.??.??"]

1. d4 Nc6 2. c4 d5 3. Nc3 e6 4. Nf3 Bb4 5. e3 Bxc3+ 6. bxc3 Nf6 7. Bd3 O-O 8.
Qc2 h6 9. O-O Re8 10. Re1 e5 11. e4 dxe4 12. Bxe4 exd4 13. Bxc6 Rxe1+ 14. Nxe1
bxc6 15. Qd3 c5 16. Nc2 Bb7 17. cxd4 Be4 18. Qc3 Bxc2 19. Qxc2 cxd4 20. Qd3 c5
21. Bf4 Qe7 22. f3 Re8 23. Kf2 Nh5 24. Bd2 Qd6 25. g3 Nf6 26. Rb1 Qd7 1/2-1/2

[Event "Amager Guld Gruppe 2 2007"]
[Site "Sundbyoster"]
[Date "2007.12.04"]
[Round "5"]
[White "Larsen, Kim"]
[Black "Johansen, Erik"]
[Result "1/2-1/2"]
[WhiteElo "1513"]
[BlackElo "1365"]
[PlyCount "64"]
[EventDate "2007.??.??"]

1. e4 c5 2. f4 g6 3. Nf3 d6 4. Bc4 Bg7 5. O-O e6 6. c3 Ne7 7. d4 cxd4 8. cxd4
O-O 9. Be3 d5 10. Bd3 dxe4 11. Bxe4 Nd5 12. Bxd5 exd5 13. Qb3 b6 14. Nbd2 Bb7
15. Rac1 Nc6 16. Rc3 Re8 17. Rfc1 Na5 18. Qd1 Nc4 19. Nxc4 dxc4 20. Qd2 b5 21.
b3 Bd5 22. bxc4 Bxf3 23. gxf3 Rxe3 24. Rxe3 Bxd4 25. cxb5 Qb6 26. Rce1 Re8 27.
Kf2 Kg7 28. Qd3 Qf6 29. Kg2 Bxe3 30. Rxe3 Rd8 31. Qc3 Qxc3 32. Rxc3 Rd2+
1/2-1/2

[Event "Amager Guld Gruppe 2 2007"]
[Site "Sundbyoster"]
[Date "2007.12.04"]
[Round "5"]
[White "Gade, Jens"]
[Black "Larsen, Ulrik Jejlskov"]
[Result "0-1"]
[WhiteElo "1506"]
[BlackElo "1590"]
[PlyCount "42"]
[EventDate "2007.??.??"]

1. f4 d5 2. Nf3 Bg4 3. e3 Nc6 4. Be2 Nh6 5. Ne5 Nxe5 6. fxe5 Qd7 7. O-O d4 8.
Rf4 Bxe2 9. Qxe2 dxe3 10. Qxe3 e6 11. d4 c5 12. c3 cxd4 13. cxd4 Nf5 14. Qf2
O-O-O 15. Be3 Be7 16. Re4 Nxe3 17. Qxe3 f5 18. exf6 Bxf6 19. Kf1 Rhf8 20. Qc1+
Kb8 21. Nc3 Bg5+ 0-1